Google Translate Romance Languages - Statistics

General Stats
  • This quiz has been taken 116 times
  • The average score is 17 of 20
Answer Stats
English Romance Language % Correct
Dog
97%
Cat
93%
Water
93%
Mother
93%
Friend
92%
Sunday
90%
Hand
89%
House
88%
School
88%
Apple
88%
Boy
87%
Table
87%
Baby
85%
Bed
83%
Head
80%
January
79%
chicken
78%
Shoe
67%
Dinner
67%
Food
64%
No matching quizzes found
Score Distribution
Percent of People with Each Score
Percentile by Number Answered
Your Score History
You have not taken this quiz